000 00743nam a2200229 a 4500
008 951205s1975||||[C 0 slo c
040 _aSNK
_bslo
_cSNK
_eAACR2
041 1 _aslo
_heng
044 _axo
_cSK
080 _a820-3
100 1 _aLawrence, David Herbert
_4aut
245 1 0 _aSynovia a milenci.
_cDavid Herbert Lawrence ; Tatiana Ruppeldtová, Igor Navrátil, Pavel Hrach
260 _aBratislava
_bTatran
_aS.l.
_b,t. [vyd.]
_c1975
_eBratislava
_fPravda
300 _c21 cm
490 0 _aZlatý fond svetovej literatúry
500 _aCena za 1.-4. zv. 140 Kčs. V tomto výbere 1. vyd.
700 1 _aRuppeldtová, Tatiana
_4trl
700 1 _aNavrátil, Igor
_4[ADC]
700 1 _aHrach, Pavel
_4bkd
020 _c31
958 _aA
999 _c12126
_d12126